Kapitálové poistenie na poistnom trhu SR a vybraných krajín EÚ diplomová práca

Saved in:
Bibliographic Details
Main Author: Baliová, Hana
Corporate Author: Fakulta hospodárskej informatiky EU. Katedra matematiky
Other Authors: Ondrejková Krčová, Ingrid, 1969-
Format: Book
Language:Slovak
Published: Bratislava 2011
Tags: Add Tag
No Tags, Be the first to tag this record!

MARC

LEADER 00000nbm a2200000 4500
001 0132279
005 20161109101803.6
041 0 |a slo 
044 |a SK 
245 1 0 |a Kapitálové poistenie na poistnom trhu SR a vybraných krajín EÚ  |b diplomová práca  |c Hana Baliová ; školiteľ: Ingrid Ondrejková Krčová 
264 1 |a Bratislava  |c 2011 
300 |a 70 s. 
100 1 |a Baliová, Hana 
700 1 |a Ondrejková Krčová, Ingrid, 1969- 
710 2 |a Fakulta hospodárskej informatiky EU. Katedra matematiky